| 000 | 00582nam a2200145Ia 4500 | ||
|---|---|---|---|
| 008 | 170221s9999 xx 000 0 und d | ||
| 100 | _aAlan Harper | ||
| 245 | _aPrice volatility in the silver spot market: an empirical study using Garch applications | ||
| 245 | _cAlan Harper, South University; Zhenhu Jin, Valparaiso University; Raufu Sokunle, UBS Investment Bank; Manish Wadhwa, South University. | ||
| 260 | _bJournal of Management and Marketing Research | ||
| 260 | _c2016 | ||
| 300 | _a5 : 5 | ||
| 650 | _xBusiness | ||
| 856 | _uhttp://www.aabri.com/manuscripts/131499.pdf | ||
| 999 |
_c313484 _d313484 |
||